| 000 | 00563nam a2200241Ia 4500 | ||
|---|---|---|---|
| 008 | 210210b2011 xxu||||| |||| 00| 0 eng d | ||
| 020 | _a9788132107460 | ||
| 041 | _aeng | ||
| 082 | _a658.8 BREB | ||
| 100 | _aBRENNAN (Ross) | ||
| 245 | _aBusiness to business marketing Ed 2 | ||
| 250 | _a | ||
| 260 |
_aLos Angeles _bSage Publications _c2011 |
||
| 300 | _axxi,386 | ||
| 650 | _ato | ||
| 650 | _amarketing | ||
| 650 | _aEd | ||
| 650 | _aBusiness | ||
| 650 | _a2 | ||
| 690 | _aMarketing Management | ||
| 700 | _aCANNING (Louise) | ||
| 906 | _a066058 | ||
| 999 |
_c146814 _d146814 |
||